| 000 | 01829nam a2200313 4500 | ||
|---|---|---|---|
| 001 | 31 | ||
| 003 | OSt | ||
| 005 | 20250528074009.0 | ||
| 008 | 250121b |||||||g |||| 00| 1 eng d | ||
| 020 | _a8535904980 | ||
| 040 | _bpor | ||
| 041 |
_heng _apor |
||
| 082 |
_a813 _bA934n |
||
| 100 | 1 |
_aAuster, Paul, _d1947-2024 _983 |
|
| 240 | _aOracle Night | ||
| 245 |
_aNoite do Oráculo / _cAuster, Paul ; Tradução de José Rubens Siqueira |
||
| 260 |
_aSão Paulo _bCompanhia das Letras _c2004 |
||
| 300 | _a224 p. | ||
| 520 | _aA descoberta de um caderno misterioso vira a vida de um homem de cabeça para baixo neste romance compulsivamente legível de "um dos grandes escritores do nosso tempo" (San Francisco Chronicle). Vários meses após sua recuperação de uma doença quase fatal, o romancista Sidney Orr entra em uma papelaria no Brooklyn e compra um caderno azul. É 18 de setembro de 1982 e, pelos próximos nove dias, Orr viverá sob o feitiço deste livro em branco, preso dentro de um mundo de premonições assustadoras e eventos desconcertantes que ameaçam destruir seu casamento e minar sua fé na realidade. O hipnotizante décimo primeiro romance de Paul Auster parece uma história de fantasmas à moda antiga. Mas não há fantasmas neste livro - apenas seres humanos de carne e osso, vagando pelos reinos assombrados da vida cotidiana. Oracle Night é um tour de force narrativo que confirma a reputação de Auster como um dos escritores mais ousados e originais em atividade na América hoje. | ||
| 650 | 0 |
_aLiteratura Americana _984 |
|
| 650 | 0 |
_aCrime e Investigação _913 |
|
| 650 | 0 |
_aMistério _942 |
|
| 650 | 0 |
_aEspanto _972 |
|
| 650 | 0 |
_aPsicológico _985 |
|
| 655 | 0 |
_aRomance _923 |
|
| 655 | 0 |
_aFicção _922 |
|
| 700 |
_aJosé Rubens Siqueira _eTradutor _986 |
||
| 942 |
_2ddc _n0 _cBK |
||
| 999 |
_c31 _d31 |
||